000
00315nam a2200109Ia 4500
008
151001s9999||||xx |||||||||||||| ||und||
100
_a
Galsworthy John
245
4
_a
The Silvers spoon
260
_b
The london Book co.
300
_a
252
365
_b
6
999
_c
949979
_d
949976